01295pab a2200205 454500008004000000100002500040245006300065260000900128300001500137362000800152520065700160650002600817650002100843650001500864700002400879773005100903909001100954999001900965952010500984180718b2017 xxu||||| |||| 00| 0 eng d aCharbonneau, Etienne aExploring the deep antecedent of public service motivation c2017 ap.401-407. aApr aContrarily to most studies of the antecedents of public service motivation (PSM) focusing on the proximal work environment or personal characteristics, we seek to explore plausibly important deep antecedents of PSM that lie in the formative years of a person's upbringing. Using an online survey of public service professionals that asked detailed background questions, we find that three deep antecedents are associated with lower overall PSM and its constitutive elements: growing up in a religious family, growing up in a family with a conservative point of view, and (surprisingly) being raised by a parent who served in the military. - Reproduced. aPublic administration aPublic utilities aMotivation aRyzin, Gregg G. Van aInternational Journal of Public Administration a115330 c115324d115324 00104070aIIPAbIIPAd2018-07-19hVolume no: 40, Issue no: 5pAR115790r2018-07-19w2018-07-19yAR